1 Billion streams club : Coldplay - Statistics

General Stats
  • This quiz has been taken 14 times
  • The average score is 9 of 12
Answer Stats
Album Song Streams % Correct
Viva la Vida or Death and All His Friends Viva La Vida 3.3B
100%
A Rush of Blood to the Head The Scientist 2.8B
85%
Memories...Do Not Open(ft. The Chainsmokers) Something Just Like This 3.6B
77%
Parachutes Yellow 3.7B
77%
A Head Full of Dreams Adventure of a Lifetime 1.5B
69%
A Rush of Blood to the Head Clocks 1.5B
69%
X&Y Fix You 2.1B
69%
Mylo Xyloto Paradise 1.8B
69%
Parachutes Sparks 2.0B
69%
Music of the Spheres(ft. BTS) My Universe 1.5B
62%
Ghost Stories A Sky Full of Stars 2.3B
54%
A Head Full of Dreams Hymn for the Weekend 1.9B
54%
No matching quizzes found
Score Distribution
Percent of People with Each Score
Percentile by Number Answered
Your Score History
You have not taken this quiz